[Event "Chigorin Memorial 19th"]
[Site "St Petersburg"]
[Date "2011.10.19"]
[Round "6"]
[White "Pashinsky, Mikhail"]
[Black "Karaseva, Janna"]
[Result "1/2-1/2"]
[WhiteElo "2228"]
[BlackElo "2030"]
[PlyCount "116"]
[EventDate "2011.10.14"]
[EventType "swiss"]
[EventRounds "9"]
[EventCountry "RUS"]
[SourceTitle "CBM 144 Extra"]
[Source "ChessBase"]
[SourceDate "2011.10.28"]
[SourceVersion "1"]
[SourceVersionDate "2011.10.28"]
[SourceQuality "1"]

1. e4 c6 2. d4 d5 3. Nc3 dxe4 4. Nxe4 Bf5 5. Ng3 Bg6 6. h4 h6 7. Nf3 Nf6 8. Ne5 Bh7 9. Bc4 e6 10. Qe2 Qe7 11. Bg5 Nbd7 12. 0-0-0 hxg5 13. hxg5 Nd5 14. g6 Qg5+ 15. Kb1 fxg6 16. Ne4 Qf5 17. g4 Qf4 18. Nd3 Qc7 19. Ng5 0-0-0 20. Nxh7 Qb6 21. Bb3 Qxd4 22. Ng5 Rxh1 23. Rxh1 Re8 24. Rh8 Qf6 25. Ne4 Qe7 26. a3 N7f6 27. Ne5 Nxe4 28. Qxe4 g5 29. Ng6 Qf7 30. Rxf8 Rxf8 31. Nxf8 Qxf8 32. Qxe6+ Kc7 33. Bxd5 cxd5 34. Qe5+ Kc6 35. Qc3+ Qc5 36. Qd2 Qe7 37. Kc1 Qf6 38. Qe3 Qf4 39. Qxf4 gxf4 40. Kd2 d4 41. Kd3 Kd5 42. f3 b5 43. b3 a6 44. Kd2 a5 45. Kd3 g6 46. Kd2 Kc5 47. Ke2 g5 48. Kd2 Kd6 49. Kd3 Kd5 50. Ke2 Kc5 51. Kd1 Kd5 52. Kc1 a4 53. Kd2 Kd6 54. Kd3 Kd5 55. Kd2 Kd6 56. Ke2 Kc5 57. Kd2 Kd6 58. Kd3 Kd5 1/2-1/2

[Event "St Petersburg op (Women)"]
[Site "St Petersburg"]
[Date "2000.04.11"]
[Round "5"]
[White "Karaseva, Janna"]
[Black "Kuzmina, Olga"]
[Result "1-0"]
[WhiteElo "2028"]
[BlackElo "2188"]
[PlyCount "39"]
[EventDate "2000.04.07"]
[EventType "swiss"]
[EventRounds "9"]
[EventCountry "RUS"]
[SourceTitle "CBM 075 Extra"]
[Source "ChessBase"]
[SourceDate "2000.05.11"]
[SourceVersion "2"]
[SourceVersionDate "2000.05.11"]
[SourceQuality "1"]

1. d4 g6 2. e4 Bg7 3. f4 d6 4. Nf3 Nd7 5. c3 e5 6. fxe5 dxe5 7. Bg5 Bf6 8. Bxf6 Qxf6 9. Nbd2 Ne7 10. Bc4 c5 11. 0-0 Qf4 12. Kh1 Qe3 13. Bxf7+ Kf8 14. Nc4 Qh6 15. Nfxe5 Nxe5 16. Nxe5 Kg7 17. Qf3 Qg5 18. Bc4 Qh4 19. g3 Qg5 20. Nf7 1-0

[Event "St Petersburg op (Women)"]
[Site "St Petersburg"]
[Date "2000.04.08"]
[Round "2"]
[White "Karaseva, Janna"]
[Black "Belaja, Nastja"]
[Result "1/2-1/2"]
[WhiteElo "2028"]
[BlackElo "2137"]
[PlyCount "124"]
[EventDate "2000.04.07"]
[EventType "swiss"]
[EventRounds "9"]
[EventCountry "RUS"]
[SourceTitle "CBM 075 Extra"]
[Source "ChessBase"]
[SourceDate "2000.05.11"]
[SourceVersion "2"]
[SourceVersionDate "2000.05.11"]
[SourceQuality "1"]

1. Nf3 g6 2. d4 Nf6 3. c4 Bg7 4. g3 0-0 5. Bg2 d6 6. 0-0 c6 7. Nc3 Bg4 8. h3 Bxf3 9. Bxf3 Nbd7 10. b3 e5 11. e3 Re8 12. Qc2 Rc8 13. Bb2 d5 14. cxd5 Nxd5 15. dxe5 Nb4 16. Qe2 Nxe5 17. Bg2 Qc7 18. Rad1 Rcd8 19. Ba1 Qa5 20. Ne4 Nd5 21. Bd4 f5 22. Nc5 Re7 23. Qb2 Qc7 24. Nd3 Nxd3 25. Rxd3 Nb4 26. Rd2 Red7 27. Rfd1 Bxd4 28. exd4 Nd5 29. b4 f4 30. Qb3 Kg7 31. a3 Rf7 32. Rd3 fxg3 33. fxg3 Qe7 34. Rf1 Rxf1+ 35. Bxf1 Qf6 36. Qd1 Rf8 37. Qe2 h5 38. Bg2 h4 39. Qe5 hxg3 40. Bxd5 cxd5 41. Qxf6+ Rxf6 42. Kg2 Rf4 43. Kxg3 Re4 44. Kf2 Kf6 45. Rf3+ Ke6 46. Rd3 Kf5 47. b5 b6 48. Rf3+ Kg5 49. Rg3+ Kh5 50. Rd3 Kh4 51. a4 g5 52. Rc3 Rxd4 53. Rc7 Kxh3 54. Rxa7 Rf4+ 55. Ke3 d4+ 56. Kd3 g4 57. Rh7+ Kg2 58. Rh6 g3 59. Rxb6 Kf2 60. Rg6 g2 61. Rxg2+ Kxg2 62. b6 Rf3+ 1/2-1/2